COACHED TO LEAD HOW TO ACHIEVE EXTRAORDI (Record no. 4573)
[ view plain ]
| 000 -LEADER | |
|---|---|
| fixed length control field | 00351nam a2200133Ia 4500 |
| 008 - FIXED-LENGTH DATA ELEMENTS--GENERAL INFORMATION | |
| fixed length control field | 240624s9999 xx 000 0 und d |
| 041 ## - LANGUAGE CODE | |
| Language code of text/sound track or separate title | eng |
| 082 ## - DEWEY DECIMAL CLASSIFICATION NUMBER | |
| Classification number | 658.4092 BAT |
| 100 ## - MAIN ENTRY--PERSONAL NAME | |
| Personal name | BATTLEY SUSAN |
| 245 ## - TITLE STATEMENT | |
| Title | COACHED TO LEAD HOW TO ACHIEVE EXTRAORDI |
| 260 ## - PUBLICATION, DISTRIBUTION, ETC. | |
| Date of publication, distribution, etc. | 2006 |
| Place of publication, distribution, etc. | San Francisco |
| Name of publisher, distributor, etc. | Jossey-Bass |
| 300 ## - PHYSICAL DESCRIPTION | |
| Extent | xviii, : 250p. ; 23cm. |
| 365 ## - TRADE PRICE | |
| Currency code | |
| Price amount | 25 |
| Withdrawn status | Lost status | Damaged status | Not for loan | Home library | Current library | Shelving location | Date acquired | Source of acquisition | Cost, normal purchase price | Total Holds | Full call number | Barcode | Date last seen | Copy number | Price effective from | Koha item type |
|---|---|---|---|---|---|---|---|---|---|---|---|---|---|---|---|---|
| IMTN | IMTN | Rack 30-B | 02/28/2007 | IBH | 24.95 | 576 | 658.4092 BAT | 4573 | 06/24/2024 | 44.28 | 06/24/2024 | Books |